00483nam a2200193Ia 4500008004100000020001400041050001400055100001600069245003700085245004700122260001500169260001600184260000900200300001500209300002700224300001000251440002000261500000800281170918s9999 xx 000 0 und d a590059467 bK655 1996 aKline, Suzy aHorrible Harry and the dungeon / cSuzy Kline ; pictures by Frank Remkiewicz. aNew York : bScholastic, c1996 a56 pages : bcolored illustration ; c20cm. aHorrible Harry. a430